000 00346nam a2200133Ia 4500
008 240624s9999 xx 000 0 und d
041 _aeng
082 _a828 RAW
100 _aRAWAT RACHNA BISHT
245 _aBRAVE PARAM VIR CHAKRA STORIES
260 _c2014
_aNew Delhi
_bPenguin India
300 _axi, : 283 : p. : cm. ; 19
365 _cRS
_b25
999 _c23815
_d23815